00960nam a2200205 a 450000100100000000500170001000800410002704000250006808200180009310000350011124500750014626000770022130000300029850001220032850400280045059000270047895201160050595201160062199900170073700004738220201002060518.0180510s19uu dr d r 000 0 spa d aDO-SdBNPbspacBNPHU a519.53bP438m1 aPérez P., Víctor F.97097910aManual básico de estadística descriptiva /cVíctor F. Pérez P. aSanto Domingo :bUniversidad Tecnológica de Santiago (UTESA),c[19--]. a126 p. :bdiag. ;c28 cm. aDirigido a estudiantes de administracíon, contabilidad, economía, mercadeo, informática, educación y derecho. aBibliografía : p. 128 aInventariado, 2018/ YL 0010718PDaPDbPDcCTd2018-05-10iLF1l0o519.53 P438mp47382-10r2020-06-25w2020-06-25yLFPDZNo se presta 0010718PDaPDbPDcHDd2018-11-22iLF1l0o519.53 P438mp47382-20r2020-06-25w2020-06-25yLFPDZNo se presta c46870d46870